MyGZULibrary

Latin America in the era of the Cuban Revolution / (Record no. 893)

MARC details
000 -LEADER
fixed length control field 01204pam a2200325 a 4500
001 - CONTROL NUMBER
control field 2959156
003 - CONTROL NUMBER IDENTIFIER
control field GZU
005 - DATE AND TIME OF LATEST TRANSACTION
control field 20200916093219.0
008 - FIXED-LENGTH DATA ELEMENTS--GENERAL INFORMATION
fixed length control field 910219s1991 nyuab b 001 0 eng
010 ## - LIBRARY OF CONGRESS CONTROL NUMBER
LC control number 91009647
020 ## - INTERNATIONAL STANDARD BOOK NUMBER
International Standard Book Number 0275935833 (alk. paper)
020 ## - INTERNATIONAL STANDARD BOOK NUMBER
International Standard Book Number 0275940993 (pbk. : alk. paper)
040 ## - CATALOGING SOURCE
Original cataloging agency DLC
Transcribing agency DLC
Modifying agency DLC
043 ## - GEOGRAPHIC AREA CODE
Geographic area code cl-----
-- nwcu---
-- n-us---
050 00 - LIBRARY OF CONGRESS CALL NUMBER
Classification number F1414.2
Item number WRI 1991
082 00 - DEWEY DECIMAL CLASSIFICATION NUMBER
Classification number 980.03/3
Edition number 20
100 1# - MAIN ENTRY--PERSONAL NAME
Personal name Wright, Thomas C.
245 10 - TITLE STATEMENT
Title Latin America in the era of the Cuban Revolution /
Statement of responsibility, etc. Thomas C. Wright.
260 ## - PUBLICATION, DISTRIBUTION, ETC.
Place of publication, distribution, etc. New York :
Name of publisher, distributor, etc. Praeger,
Date of publication, distribution, etc. 1991.
300 ## - PHYSICAL DESCRIPTION
Extent xiv, 236 p. :
Other physical details ill. , maps ;
Dimensions 25 cm.
504 ## - BIBLIOGRAPHY, ETC. NOTE
Bibliography, etc. note Includes bibliographical references (p. [207]-221) and index.
650 #0 - SUBJECT ADDED ENTRY--TOPICAL TERM
Topical term or geographic name entry element Radicalism
Geographic subdivision Latin America
General subdivision History
Chronological subdivision 20th century.
650 #0 - SUBJECT ADDED ENTRY--TOPICAL TERM
Topical term or geographic name entry element Violence
Geographic subdivision Latin America
General subdivision History
Chronological subdivision 20th century.
651 #0 - SUBJECT ADDED ENTRY--GEOGRAPHIC NAME
Geographic name Latin America
General subdivision Politics and government
Chronological subdivision 1948-
651 #0 - SUBJECT ADDED ENTRY--GEOGRAPHIC NAME
Geographic name Cuba
General subdivision History
Chronological subdivision Revolution, 1959
General subdivision Influence.
651 #0 - SUBJECT ADDED ENTRY--GEOGRAPHIC NAME
Geographic name United States
General subdivision Military policy.
906 ## - LOCAL DATA ELEMENT F, LDF (RLIN)
a 7
b cbc
c orignew
d 1
e ocip
f 19
g y-gencatlg
942 ## - ADDED ENTRY ELEMENTS (KOHA)
Source of classification or shelving scheme Library of Congress Classification
Koha item type Books
Classification part 1414.2
Item part WRI
Call number prefix F
Holdings
Withdrawn status Lost status Damaged status Not for loan Collection code Home library Current library Shelving location Date acquired Total Checkouts Full call number Barcode Date last seen Copy number Price effective from Koha item type
        Non-fiction City Campus Library City Campus Library General Stacks 09/16/2020   F 1414.2 WRI 1991 BO17211 09/16/2020 c.1 09/16/2020 Books
        Non-fiction Mashava Campus Library Mashava Campus Library General Stacks 05/03/2021   F 1414.2 WRI 1991 B017254 05/03/2021 c.2 05/03/2021 Books